000 00481nam a2200193 a 4500
001 1759931644926
003 YourLibrary
005 20251010105903.0
008 251008s2006##################000#0#eng##
020 _a9780820486468
082 0 4 _a190
_bTRI
100 1 _aTrigg, Dylan,
_eauthor.
245 1 0 _aThe Aesthetics of Decay :
260 _bPeter Lang,
_c2006.
300 _a308 pages
650 0 _aHistory.
942 _cENGLISH
040 _aYourLibrary
_beng
_cYourLibrary
999 _c591395
_d591395